书目信息 |
| 题名: |
实验心理学导论
|
|
| 作者: | 邓铸 , 吴欣 编著 | |
| 分册: | ||
| 出版信息: | 北京 中国轻工业出版社 2012 |
|
| 页数: | 375页 | |
| 开本: | 25cm | |
| 丛书名: | ||
| 单 册: | ||
| 中图分类: | B841.4 | |
| 科图分类: | ||
| 主题词: | 实验心理学--shi yan xin li xue | |
| 电子资源: | ||
| ISBN: | 978-7-5019-8721-4 | |
| 000 | 00895nam0 22002531 450 | |
| 001 | 1754486902 | |
| 005 | 20170516112211.0 | |
| 010 | @a978-7-5019-8721-4@dCNY52.00 | |
| 100 | @a20120710d2012 em y0chiy50 ea | |
| 101 | 0 | @achi |
| 102 | @aCN@b110000 | |
| 105 | @aa z 000yy | |
| 106 | @ar | |
| 200 | 1 | @a实验心理学导论@9shi yan xin li xue dao lun@f邓铸,吴欣编著 |
| 210 | @a北京@c中国轻工业出版社@d2012 | |
| 215 | @a375页@c图@d25cm | |
| 300 | @a江苏省心理学一级学科重点学科基金资助 南京师范大学教育教学改革研究基金资助 | |
| 330 | @a本书系统阐述了心理学实验研究的完整流程,并详细介绍了心理实验中的经典技术及其最新发展,对常见的学习重点和难点给予了清晰而独到的讲解。 | |
| 606 | 0 | @a实验心理学@9shi yan xin li xue |
| 690 | @aB841.4@v5 | |
| 701 | 0 | @a邓铸@9deng zhu@f(1964~)@4编著 |
| 701 | 0 | @a吴欣@9wu xin@4编著 |
| 801 | 0 | @aCN@b百万庄@c20170512 |
| 905 | @b1005384-9@dB841.4@e1717@f6 | |
| 实验心理学导论/邓铸,吴欣编著.-北京:中国轻工业出版社,2012 |
| 375页:图;25cm |
| 江苏省心理学一级学科重点学科基金资助 南京师范大学教育教学改革研究基金资助 |
| ISBN 978-7-5019-8721-4:CNY52.00 |
| 本书系统阐述了心理学实验研究的完整流程,并详细介绍了心理实验中的经典技术及其最新发展,对常见的学习重点和难点给予了清晰而独到的讲解。 |
| ● |
| 相关链接 |
|
|
|
|
正题名:实验心理学导论
索取号:B841.4/1717
 
预约/预借
| 序号 | 登录号 | 条形码 | 馆藏地/架位号 | 状态 | 备注 |
| 1 | 1005384 | 210053840 | 第一样本阅览室/ [索取号:B841.4/1717] | 在馆 | |
| 2 | 1005385 | 210053859 | 教育系资料室/ [索取号:B841.4/1717] | 在馆 | |
| 3 | 1005386 | 210053868 | 教育系资料室/ [索取号:B841.4/1717] | 在馆 | |
| 4 | 1005387 | 210053877 | 教育系资料室/ [索取号:B841.4/1717] | 在馆 | |
| 5 | 1005388 | 210053886 | 第一借阅区/ [索取号:B841.4/1717] | 在馆 | |
| 6 | 1005389 | 210053895 | 第一借阅区/ [索取号:B841.4/1717] | 在馆 |